000 00728cam a2200265 4500
001 ABS64131
008 000000n2001 000 0 eng u
035 _a(Sirsi) u113547
245 _aRegional survey: Greater Manchester
260 _c2001
490 _aProperty Week
_v66(23) 8 June 2001, 43-86(14)
590 _aABS
650 _aBOLTON
650 _aBUSINESS PARKS
650 _aCINEMAS
650 _aGREATER MANCHESTER
650 _aINDUSTRIAL MARKET
650 _aMANCHESTER
650 _aPROPERTY-COMMERCIAL PROPERTY-OFFICE PROPERTY-OFFICE PROPERTY MARKET
650 _aOUT OF TOWN SHOPPING CENTRES
650 _aSALFORD
650 _aTRAFFORD
690 _aCOMMERICAL PROPERTY-MARKET
942 _n0
999 _c67639
_d67639